| 000 | 00717cab a2200205 4500 | ||
|---|---|---|---|
| 001 | ABS36983 | ||
| 008 | 090401t1986 xxu||||| |||| 00| 0 eng d | ||
| 035 | _a(Sirsi) u1349 | ||
| 041 | _aeng | ||
| 245 | _aLeasehold enfranchisment | ||
| 260 | _c1986 | ||
| 350 | _a0 | ||
| 490 |
_aEstates Gazette _v280 (6304) 4 October 1986 103-104 (2) |
||
| 520 | _aThis Mainly for Students article examines the conditions that must be fulfilled by the householder to enable him to take advantage of the Leasehold Reform Act 1967 (as amended by the Housing Acts 1974 and 1980. | ||
| 650 | _aHOUSING ACT 1974 | ||
| 650 | _aHOUSING ACT 1980 | ||
| 690 | _aLANDLORD AND TENANT-LEASEHOLD REFORM | ||
| 942 | _n0 | ||
| 948 | _c04/03/1997 | ||
| 999 |
_c741 _d741 |
||